000 00252nam a2200097Ia 4500
008 240331s9999 xx 000 0 und d
082 _bMAK
100 _aPanikkar.K.N,. ed
245 4 _aThe Making of History :
_bEssays presented to Irfan Habib
942 _cL
999 _c5671
_d5671